000
00317nam a22001337a 4500
005
20170401154524.0
008
170401b xxu||||| |||| 00| 0 eng d
041
_a
eng
100
_a
MATHUR,S.P
_9
3785
245
_a
COAL MINING AND MANGEMENT VOL III
260
_b
KAHNA PRAKSHAN
650
_a
MINING
_9
3788
942
_c
BK
999
_c
5394
_d
5392